000 00569nam a2200241 a 4500
001 nice12345678
003 IN_TiNIC
005 20260116011440.0
008 050524s0000 kara grp 000 0 urd
020 _a
_c2
082 0 0 _a297.12407
_bNAD
100 _aNadvi, Abdul Qaiyyum
245 _aFahm-E-Hadees
260 _aKarachi
_bTaj Co. Ltd
_c0000
300 _a171p
500 _aincludes index and biblioraphy
505 2 _aIndex
650 _aHadith-Commentaries
700 1 _aNadvi, Abdul Qaiyyum
902 _bSRS
942 _cBK
999 _c1636
_d1636